Understanding the assessment of psychotropic drug harms in clinical trials to improve social workers' role in medication monitoring (Record no. 86543)

000 -LEADER
fixed length control field 00504pab a2200181 454500
008 - FIXED-LENGTH DATA ELEMENTS--GENERAL INFORMATION
fixed length control field 180718b2010 xxu||||| |||| 00| 0 eng d
100 ## - MAIN ENTRY--PERSONAL NAME
Personal name Hughes, Shannon
245 ## - TITLE STATEMENT
Title Understanding the assessment of psychotropic drug harms in clinical trials to improve social workers' role in medication monitoring
260 ## - PUBLICATION, DISTRIBUTION, ETC.
Date of publication, distribution, etc. 2010
300 ## - PHYSICAL DESCRIPTION
Extent p.105-15.
362 ## - DATES OF PUBLICATION AND/OR SEQUENTIAL DESIGNATION
Dates of publication and/or sequential designation Apr
650 ## - SUBJECT ADDED ENTRY--TOPICAL TERM
Topical term or geographic name entry element Social workers
650 ## - SUBJECT ADDED ENTRY--TOPICAL TERM
Topical term or geographic name entry element Drugs
700 ## - ADDED ENTRY--PERSONAL NAME
Personal name Cohen, David
773 ## - HOST ITEM ENTRY
Main entry heading Social Work
908 ## - PUT COMMAND PARAMETER (RLIN)
Put command parameter N
909 ## -
-- 86543
Holdings
Withdrawn status Lost status Damaged status Not for loan Permanent Location Current Location Date acquired Serial Enumeration / chronology Barcode Date last seen Price effective from Koha item type
        Indian Institute of Public Administration Indian Institute of Public Administration 2018-07-19 Volume no: 55, Issue no: 2 AR87003 2018-07-19 2018-07-19 Articles

Powered by Koha